Score 0/40 Timer 06:00
300 Plays Today
Start of Title Last Word % Correct
Alice in...Wonderland
99.3%
Gone with the...Wind
98.9%
Saving Private...Ryan
96.8%
Good Will...Hunting
94.7%
It's a Wonderful...Life
94.4%
Pride and...Prejudice
94%
Wayne's...World
93.9%
Inglourious...Basterds
93.8%
Back to the...Future
93.1%
For Your Eyes...Only
93%
Dances with...Wolves
91.3%
The Hurt...Locker
91.1%
Chariots of...Fire
90.3%
Gone Baby...Gone
89.9%
Full Metal...Jacket
88.9%
The Grapes of...Wrath
88.6%
Walk the...Line
86.9%
Under the Tuscan...Sun
86.6%
Field of...Dreams
86%
Terms of...Endearment
85.5%
Start of Title Last Word % Correct
The Passion of the...Christ
85.1%
Save the Last...Dance
84.2%
Beyond Reasonable...Doubt
83.8%
This Is Spinal...Tap
81.8%
Blazing...Saddles
80.9%
Fried Green...Tomatoes
80.3%
The Last of the...Mohicans
79.9%
Fantastic Mr. ...Fox
78.5%
Scent of a...Woman
78.3%
The French...Connection
75.4%
An American in...Paris
73.4%
A Walk to...Remember
72.1%
When a Stranger...Calls
70.3%
My Left...Foot
70%
Big Trouble in Little...China
67.6%
Strangers on a...Train
67.5%
From Here to...Eternity
63.8%
On Golden...Pond
56.1%
How Green Was My...Valley
43.5%
Guarding...Tess
40.7%
Remove Ads.
Support Sporcle.
Get the best of Sporcle when you Go Orange. This ad-free experience offers more features, more stats, and more fun while also helping to support Sporcle. Thank you for becoming a member.

You're not logged in!

Compare scores with friends on all Sporcle quizzes.
OR
Log In

Show Comments

Extras

Top Quizzes Today


Score Distribution

Your Account Isn't Verified!

In order to create a playlist on Sporcle, you need to verify the email address you used during registration. Go to your Sporcle Settings to finish the process.

Report this User

Report this user for behavior that violates our Community Guidelines.

Details: